| 000 | 00602aam a2200241 4500 | ||
|---|---|---|---|
| 005 | 20260319130641.0 | ||
| 008 | 150810b1996 xxu||||| |||| 00| 0 spa d | ||
| 020 | _a9977648018 | ||
| 041 | _aESP | ||
| 082 | _a364.17 R744a | ||
| 100 |
_aRoldán, Manuel _911801 |
||
| 245 | _aAuditoría Forense | ||
| 260 | _aCosta Rica | ||
| 260 | _bEUNED | ||
| 260 | _c1996 | ||
| 300 | _a420 páginas | ||
| 490 | _aInvestigación Criminal | ||
| 650 | _aDELITOS DE CUELLO BLANCO | ||
| 650 | _aDELITOS FINANCIEROS | ||
| 650 | _aAUDITORÍA FORENSE | ||
| 650 | _aSISTEMA FINANCIERO NACIONAL | ||
| 942 |
_cBK _2ddc |
||
| 999 |
_c564 _d564 |
||